Goya en sus veinte años (Record no. 38403)

MARC details
000 -LEADER
campo de control de longitud fija 01000nam a2200253 i 4500
001 - NÚMERO DE CONTROL
campo de control C00039286c
005 - FECHA Y HORA DE LA ÚLTIMA TRANSACCIÓN
campo de control 20241029145145.0
008 - DATOS DE LONGITUD FIJA--INFORMACIÓN GENERAL
campo de control de longitud fija 000531s1998 sp a spa d
020 ## - NÚMERO INTERNACIONAL ESTÁNDAR DEL LIBRO
Número Internacional Estándar del Libro 84-7820-406-7
080 ## - NÚMERO DE LA CLASIFICACIÓN DECIMAL UNIVERSAL
Número de la Clasificación Decimal Universal 929 Goya, Francisco de
080 ## - NÚMERO DE LA CLASIFICACIÓN DECIMAL UNIVERSAL
Número de la Clasificación Decimal Universal 726.54(460.224 Calatayud) S.Juan el Real
100 1# - ENTRADA PRINCIPAL--NOMBRE DE PERSONA
Nombre de persona Rubio Martínez, Mariano.
9 (RLIN) 5040
245 10 - MENCIÓN DEL TÍTULO
Título Goya en sus veinte años
Resto del título : Consideraciones en torno a las pechinas de Calatayud /
Mención de responsabilidad, etc. Mariano Rubio Martínez.
260 ## - PUBLICACIÓN, DISTRIBUCIÓN, ETC.
Lugar de publicación, distribución, etc. Calatayud :
Nombre del editor, distribuidor, etc. Centro de estudios Bilbilitanos de la Institución "Fernando el Católico",
Fecha de publicación, distribución, etc. 1998.
300 ## - DESCRIPCIÓN FÍSICA
Extensión 39 p., [6] p. de lám. :
Otras características físicas il. ;
Dimensiones 30 cm.
500 ## - NOTA GENERAL
Nota general Bibliografía.
600 14 - PUNTO DE ACCESO ADICIONAL DE MATERIA--NOMBRE DE PERSONA
Nombre de persona Goya, Francisco de (
Fechas asociadas al nombre 1746-1828)-
Subdivisión de forma Biografías.
9 (RLIN) 87786
610 20 - PUNTO DE ACCESO ADICIONAL DE MATERIA--NOMBRE DE ENTIDAD CORPORATIVA
Nombre de entidad corporativa o nombre de jurisdicción como elemento de entrada Iglesia de San Juan el Real de Calatayud (
Sede del congreso/Lugar de la reunión Zaragoza, España)
9 (RLIN) 26071
651 #4 - PUNTO DE ACCESO ADICIONAL DE MATERIA--NOMBRE GEOGRÁFICO
Nombre geográfico Calatayud (Zaragoza, España)
9 (RLIN) 5086
710 2# - ENTRADA AGREGADA--NOMBRE DE ENTIDAD CORPORATIVA
Nombre de entidad corporativa o nombre de jurisdicción como elemento de entrada Institución "Fernando el Católico"
9 (RLIN) 5055
852 42 - LOCALIZACIÓN
Número de control de estantería F-10498
Holdings
Estatus retirado Estado de pérdida Estado de daño No para préstamo Colección Biblioteca de origen Biblioteca actual Ubicación en estantería Fecha de adquisición Fuente de adquisición Total de préstamos Signatura topográfica completa Código de barras Visto por última vez Precio de reemplazo Tipo de ítem Koha
          Real Academia de la Bellas Artes de San Fernando Real Academia de la Bellas Artes de San Fernando Depósito 1 31/05/2000 C   F-10498 1041569 15/10/2024 15/10/2024 Fondo moderno

Powered by Koha